2012 LGBT Community Center Survey Report Assessing the capacity and programs of lesbian, gay, bisexual and transgender community centers June 2012

Đã lưu trong:
Chi tiết về thư mục
Nhiều tác giả của công ty: Centerlink, MAP (Movement Advancement Project)
Định dạng: Sách
Ngôn ngữ:Tiếng Anh
Được phát hành: Centerlink, MAP 2012
Các nhãn: Thêm thẻ
Không có thẻ, Là người đầu tiên thẻ bản ghi này!

MARC

LEADER 00000nam a2200000 4500
005 20240717185931.0
008 240717b |||||||| |||| 00| 0 eng d
040 |c GP 
110 |a Centerlink 
245 |a 2012 LGBT Community Center Survey Report  |b Assessing the capacity and programs of lesbian, gay, bisexual and transgender community centers June 2012 
260 |b Centerlink, MAP  |c 2012 
710 |a MAP (Movement Advancement Project) 
942 |2 ddc  |c BK  |n 0 
952 |0 0  |1 0  |2 ddc  |4 0  |6 323_409400000000000_CEN  |7 1  |9 1637  |a RM  |b RM  |d 2024-07-17  |l 0  |o 323.4094 CEN  |p 686  |r 2024-07-17 18:59:49  |w 2024-07-17  |y BK 
999 |c 1453  |d 1453